Tablice rejestracyjne policji - Statystyki

Ogólne statystyki
  • Ten quiz został rozwiązany 169 razy
  • Średni wynik to 6 z 16
Statystyki odpowiedzi
wyróżnik województwo % Poprawnych
HPE lubuskie
50%
HPP śląskie
47%
HPJ opolskie
45%
HPB dolnośląskie
43%
HPG małopolskie
42%
HPN pomorskie
40%
HPS świętokrzyskie
40%
HPH mazowieckie
39%
HPC kujawsko-pomorskie
38%
HPF łódzkie
38%
HPK podkarpackie
38%
HPU wielkopolskie
38%
HPD lubelskie
36%
HPM podlaskie
36%
HPW zachodniopomorskie
36%
HPT warmińsko-mazurskie
33%
Nie znaleziono quizów pasujących do podanych kryteriów
Rozkład punktacji
Procent ludzi z każdym wynikiem
Percentyl według liczby udzielonych odpowiedzi
Twoja historia wyników
Nie rozwiązałeś tego quizu